|
|
|
|
| LEADER |
00000nab a2200000 ar4500 |
| 001 |
vtls009523321 |
| 003 |
SK-MaSNL |
| 005 |
20260303234733.0 |
| 008 |
090608c1988 xo ||||||||||||00 ||slo |
| 015 |
|
|
|a SNBRB2009/06
|2 snkbucl
|
| 038 |
|
|
|a SNKBUCL
|
| 040 |
|
|
|a SNKBUCL
|b slo
|c SNKBUCL
|e AACR2
|
| 041 |
0 |
|
|a slo
|
| 044 |
|
|
|a xo
|c SK
|
| 080 |
|
|
|a 792.2
|2 2001
|
| 100 |
1 |
|
|a Štefko, Vladimír,
|d 1942-
|4 aut
|9 103434
|
| 245 |
1 |
0 |
|a Bez tanca i bez plaču
|c V. Štefko
|
| 600 |
1 |
7 |
|a Zvon, Peter,
|d 1913-1942
|t Tanec nad plačom
|2 snkbucl
|
| 610 |
2 |
7 |
|a Divadlo Andreja Bagara v Nitre
|2 snkbucl
|9 32093
|
| 650 |
0 |
7 |
|a činohry
|2 snkbucl
|9 3325
|
| 650 |
0 |
7 |
|a divadelné inscenácie
|2 snkbucl
|9 3326
|
| 655 |
|
7 |
|a recenzie
|2 snkbucl
|9 21907
|
| 773 |
0 |
|
|t Nové slovo
|g Roč. 30, č. 22 (1988)
|
| 773 |
0 |
8 |
|i Príl.:
|t Nedeľa
|g roč. VII, č. 22, s. 7
|
| 852 |
|
|
|a SNK
|b KIS3GCP
|
| 999 |
|
|
|c 2522341
|d 2524271
|